[Event "ESP-ch U12"]
[Site "Salobrena"]
[Date "2012.07.03"]
[Round "3.7"]
[White "Germes Ibanez, Ricardo"]
[Black "Roma Barge, Gabriel"]
[Result "0-1"]
[WhiteElo "1556"]
[BlackElo "1735"]
[PlyCount "82"]
[EventDate "2012.07.02"]
[EventType "swiss"]
[EventRounds "9"]
[EventCountry "ESP"]
[SourceTitle "EXT 2024"]
[Source "ChessBase"]
[SourceDate "2023.10.10"]
[SourceVersion "1"]
[SourceVersionDate "2023.10.10"]
[SourceQuality "1"]

1. e4 e5 2. Nc3 Bb4 3. f4 exf4 4. Nf3 Bxc3 5. bxc3 Ne7 6. Bc4 0-0 7. d4 Ng6 8. 0-0 d6 9. Rb1 Qe7 10. Qe2 c5 11. Ne1 Nc6 12. d5 Nce5 13. Bd3 Bg4 14. Qf2 f3 15. Nxf3 Nxf3+ 16. gxf3 Bh3 17. Re1 Qf6 18. Qg3 Bc8 19. Bd2 Qe7 20. f4 Re8 21. e5 dxe5 22. Bxg6 hxg6 23. fxe5 c4 24. Rb4 Qc5+ 25. Be3 Qxd5 26. Bd4 b5 27. a4 a6 28. axb5 axb5 29. Reb1 Bd7 30. h4 Bc6 31. Kf2 Ra2 32. R4b2 Rea8 33. h5 Rxb2 34. Rxb2 Ra1 35. hxg6 fxg6 36. Qh3 Rh1 37. Qg3 Qe4 38. Be3 Qf5+ 39. Ke2 Qf1+ 40. Kd2 Qf5 41. Bg5 Qxg5+ 0-1

[Event "Andalucia-ch U12"]
[Site "Islantilla"]
[Date "2012.04.14"]
[Round "7"]
[White "Quintana Perez, Maider"]
[Black "Germes Ibanez, Ricardo"]
[Result "1-0"]
[WhiteElo "1742"]
[BlackElo "1556"]
[PlyCount "42"]
[EventDate "2012.04.13"]
[EventType "swiss"]
[EventRounds "9"]
[EventCountry "ESP"]
[SourceTitle "CBM 148 Extra"]
[Source "ChessBase"]
[SourceDate "2012.06.22"]
[SourceVersion "1"]
[SourceVersionDate "2012.06.22"]
[SourceQuality "1"]

1. c4 Nf6 2. Nc3 g6 3. g3 Bg7 4. Bg2 d6 5. e3 c5 6. Nge2 0-0 7. 0-0 Nc6 8. d4 cxd4 9. exd4 Rb8 10. a3 Na5 11. b3 Bf5 12. Bd2 a6 13. Rc1 Nc6 14. b4 Bd3 15. c5 Bxe2 16. Nxe2 dxc5 17. dxc5 e5 18. Be3 Ng4 19. Bh3 Nxe3 20. fxe3 Qxd1 21. Rcxd1 Rbd8 1-0